الطباعة في شبه الجزيرة العربية في القرن التاسع عشر ميلادي (1297-1317هـ) / (رقم التسجيلة. 3198)

تفاصيل مارك
000 -الفاتح
حقل البيانات ثابتة الطول 01017cam a2200277a 44500
003 - محدد رقم الضبط
رقم الضبط OSt
005 - وقت وتاريخ اخر تعامل مع التسجيلة
رقم الضبط 20150408113744.0
008 - عناصر البيانات ثابتة الطول - معلومات عامة
حقل البيانات ثابتة الطول 030308s1998 su g 00000 ara dd
020 ## - الرقم الدولى المعيارى للكتب
الرقم الدولى المعيارى للكتاب 9960758125
040 ## - مصدر الفهرسة
وكالة الفهرسة الأصلية SA-RiAUC
لغة الفهرسة ara
وكالة النسخ SA-RiAUC
041 ## - رمز اللغة
رمز لغة النص/ المسارات الصوتية أو العنوان الانفرادي عربي
043 ## - رمز المنطقة الجغرافية
رمز المنطقة الجغرافية ar-----
072 0# - رمز الفئه الموضوعية
رمز فئه الموضوع 065
مجموعة رمز فئه الموضوع الصناعات
082 04 - رقم تصنيف ديوى العشرى
رقم التصنيف 686.209 ج ى ط
092 ## - رقم استدعاء ديوى المحلى
رقم التصنيف 686.209
رقم المادة ج ى ط
100 1# - المدخل الرئيسى - إسم شخصى
الإسم الشخصى جنيد، يحيى محمود.
9 (RLIN) 2318
245 12 - بيان العنوان
العنوان الطباعة في شبه الجزيرة العربية في القرن التاسع عشر ميلادي (1297-1317هـ) /
بيان المسئوليه,etc يحيى محمود بن جنيد.
250 ## - بيان الطبعة
بيان الطبعة ط. 1.
260 ## - PUBLICATION, DISTRIBUTION, ETC. (IMPRINT)
مكان الناشر او الموزع الرياض
اسم الناشر او الموزع دار أجا،
تاريخ النشر أو التوزيع 1418] 1998 أو 1419]
300 ## - الوصف المادى
التعداد 167 ص. ؛
أبعاد الوعاء 24 سم. 7
650 ## - المدخل الاضافى بالموضوع-مصطلح موضوعى
مصطلح موضوعي أو اسم جغرافي كعنصر مدخل الطباعة
التقسيم الفرعي العام تاريخ
مصدر الرأس أو المصطلح aucsh. 7
9 (RLIN) 2319
650 ## - المدخل الاضافى بالموضوع-مصطلح موضوعى
مصطلح موضوعي أو اسم جغرافي كعنصر مدخل الطباعة
التقسيم الفرعي الجغرافي شبه الجزيرة العربية
التقسيم الفرعي العام تاريخ
مصدر الرأس أو المصطلح aucsh. 7
9 (RLIN) 2320
650 ## - المدخل الاضافى بالموضوع-مصطلح موضوعى
مصطلح موضوعي أو اسم جغرافي كعنصر مدخل النشر
مصدر الرأس أو المصطلح aucsh. 7
9 (RLIN) 2321
650 ## - المدخل الاضافى بالموضوع-مصطلح موضوعى
مصطلح موضوعي أو اسم جغرافي كعنصر مدخل الكتب
التقسيم الفرعي العام صناعة وتجارة
مصدر الرأس أو المصطلح aucsh.\\
9 (RLIN) 2322
942 ## - عناصر المدخل الإضافي( كوها)
مصدر التصنيف او مخطط الترفيف Dewey Decimal Classification
Koha [default] item type كتاب
المقتنيات
حالة الفقد نموذج السعر الفعال حالة تلف ليس للاعارة رقم الطلب تاريخ الاكتساب الموقع الحالي الفرع الرئيسي Date last seen Total Checkouts الباركود نوع المادة فى نظام كوها مصدر التصنيف او خطة الترفيف
  2013-03-10     686.209 ج ى ط 2011-12-24 مكتبة كلية التربية بالزلفى - طالبات (EZF) مكتبة كلية التربية بالزلفى - طالبات (EZF) 2013-03-10   00013902 كتاب Dewey Decimal Classification
  2013-03-10     686.20953 ج ي Ø· 2011-05-17 مكتبة مجمع الطالبات بالمجمعة (EMF) مكتبة مجمع الطالبات بالمجمعة (EMF) 2013-03-10        
  2013-03-10     686.209 ج ى ط 2011-08-08 مكتبة مجمع الطالبات بالمجمعة (EMF) مكتبة مجمع الطالبات بالمجمعة (EMF) 2013-03-10   00014371 كتاب Dewey Decimal Classification
  2013-03-10     686.209 ج ى ط 2011-09-01 مكتبة مجمع الطالبات بالمجمعة (EMF) مكتبة مجمع الطالبات بالمجمعة (EMF) 2013-03-10   00017733 كتاب Dewey Decimal Classification